| 000 | 02113cam a2200397 a 4500 | ||
|---|---|---|---|
| 001 | 5685922 | ||
| 003 | OSt | ||
| 005 | 20210916155921.0 | ||
| 008 | 060605s2006 nyu b 001 0 eng | ||
| 015 |
_aGBA653432 _2bnb |
||
| 016 | 7 |
_a013483943 _2Uk |
|
| 020 | _a038732898X (cased) | ||
| 024 | 3 | _a9780387328980 | |
| 035 | _a(OCoLC)ocm70127540 | ||
| 035 | _a(NNC)5685922 | ||
| 038 | _akhadija | ||
| 040 |
_aUKM _cUKM _dBAKER _dOHX _dNNC _dOrLoB-B |
||
| 042 | _aukblsr | ||
| 082 | 0 | 4 |
_a515.7248 _222 _bISA |
| 100 | 1 |
_aIsac, George. _982506 |
|
| 245 | 1 | 0 |
_aLeray-Schauder type alternatives, complementarity problems and variational inequalities / _cby George Isac. |
| 260 |
_aNew York : _bSpringer, _c2006. |
||
| 300 |
_axiv, 338 p. ; _c24 cm. |
||
| 490 | 1 |
_aNonconvex optimization and its applications ; _vv. 87 |
|
| 504 | _aIncludes bibliographic references and index. | ||
| 505 | 0 | 0 |
_g1. _tPreliminary notions -- _g2. _tComplementarity problems and variational inequalities -- _g3. _tLeray-Schauder alternatives -- _g4. _tThe origin of the notion of exceptional family of elements -- _g5. _tLeray-Schauder type alternatives : existence theorems -- _g6. _tInfinitesimal exceptional family of elements -- _g7. _tMore about the notion of exceptional family of elements -- _g8. _tExceptional family of elements and variational inequalities. |
| 520 | 1 | _a"This book is the first to discuss complementarity theory and variational inequalities using Leray-Schauder type alternatives. The ideas and method presented in this book may be considered as a starting point for new developments. This book is intended for researchers and advanced graduate students in optimization, applied nonlinear analysis, complementarity theory, the theory of variational inequalities, and operations research."--BOOK JACKET. | |
| 563 | _ahardcover | ||
| 650 | 0 |
_aNonlinear operators. _982507 |
|
| 650 | 0 |
_aFixed point theory. _952074 |
|
| 830 | 0 |
_aNonconvex optimization and its applications ; _vv. 87. _982508 |
|
| 900 | _bTOC | ||
| 942 |
_2ddc _cBK |
||
| 948 | 1 |
_a20060713 _bc _cas2107 _dMPS |
|
| 948 | 2 |
_a20060721 _bn _cink2 _dMPS |
|
| 999 |
_c32901 _d32901 |
||